Learning in kindergarten and in primary education Similarities and differences from teachers' perspectives /

Elmentve itt :
Bibliográfiai részletek
Szerző: Takács Nikolett
Testületi szerző: Pedagógiai értékelési konferencia PÉK (17.) (2019) (Szeged)
Dokumentumtípus: Könyv része
Megjelent: 2019
Sorozat:Pedagógiai Értékelési Konferencia 17
Kulcsszavak:Élethosszig tartó tanulás, óvoda, általános iskola - előadáskivonat
Online Access:http://acta.bibl.u-szeged.hu/66261
LEADER 00782naa a2200181 i 4500
001 acta66261
005 20260224081030.0
008 200421s2019 hu o 100 eng d
040 |a SZTE Egyetemi Kiadványok Repozitórium  |b hun 
041 |a eng 
100 1 |a Takács Nikolett 
245 1 0 |a Learning in kindergarten and in primary education  |h [elektronikus dokumentum] :  |b Similarities and differences from teachers' perspectives /  |c  Takács Nikolett 
260 |c 2019 
300 |a 92 
490 0 |a Pedagógiai Értékelési Konferencia  |v 17 
695 |a Élethosszig tartó tanulás, óvoda, általános iskola - előadáskivonat 
710 |a Pedagógiai értékelési konferencia PÉK (17.) (2019) (Szeged) 
856 4 0 |u http://acta.bibl.u-szeged.hu/66261/1/pek_2019_092.pdf  |z Dokumentum-elérés